|
|
|
|
| LEADER |
00665nam a2200181 i 4500 |
| 001 |
c000080153 |
| 003 |
CARM |
| 005 |
00000000000000.0 |
| 008 |
810321s1970 ukk 00001 eng d |
| 019 |
1 |
|
|a 5473707
|5 LACONCORD2021
|
| 035 |
|
|
|a (OCoLC)60087140
|5 LACONCORD2021
|
| 100 |
1 |
|
|a Mason, A. E. W.
|q (Alfred Edward Woodley),
|d 1865-1948.
|
| 245 |
0 |
4 |
|a The philanderers.
|
| 260 |
|
|
|a Birmingham :
|b Combridge,
|c 1970.
|
| 300 |
|
|
|a 232p.
|
| 852 |
8 |
|
|b CARM
|h A2:AG29H0
|i A00793
|p 0103899
|f BK
|
| 999 |
f |
f |
|i c880af0c-6934-52fa-bac2-d79c2efadd67
|s ed58a197-9d65-5b66-bd1b-aab86af44e29
|
| 952 |
f |
f |
|p Can circulate
|a CAVAL
|b CAVAL
|c CAVAL
|d CARM 1 Store
|e A00793
|f A2:AG29H0
|h Other scheme
|i book
|m 0103899
|